00907cam a22003014a 45000010009000000050017000090080041000260100017000670160020000840200032001040200029001360200030001650200027001950200042002220200039002640350024003030400050003270410008003770420008003850600011003930800010004040820018004141000007004321010008004392450085004472460022005325040051005541648524820171218080027.0100930s2012 maua b 001 0 eng  a 20100419837 a1015426132DNLM a9780321716026 (student ed.) a0321716027 (student ed.) a9780321689627 (exam copy) a0321689623 (exam copy) a9780321689634 (Books al la Carte ed.) a0321689631 (Books al la Carte ed.) a(OCoLC)ocn669122261 aDNLM/DLCcDLCdYDXdNLMdYDXCPdBWXdCDXdDLC aeng apcc10aQU 375 a571.600a571.6 HAR2221 a11 aBIO10aBecker's world of the cell /cJeff Hardin, Gregory Bertoni, Lewis J. Kleinsmith.30aWorld of the cell aIncludes bibliographical references and index.